ARRUPE JESUIT UNIVERSITY

CORONAVIRUS -STOP THE SPREAD - CLEAN,DISINFECT,COVER

The logic of scientific discovery / (Record no. 131392)

MARC details
000 -LEADER
fixed length control field 00980cam a2200277 a 4500
001 - CONTROL NUMBER
control field 1100719
003 - CONTROL NUMBER IDENTIFIER
control field ARRUPE
005 - DATE AND TIME OF LATEST TRANSACTION
control field 20220510094050.0
008 - FIXED-LENGTH DATA ELEMENTS--GENERAL INFORMATION
fixed length control field 921120r19921959enka b 001 0 eng
010 ## - LIBRARY OF CONGRESS CONTROL NUMBER
LC control number 92241375
020 ## - INTERNATIONAL STANDARD BOOK NUMBER
International Standard Book Number 041507892X (pbk.)
040 ## - CATALOGING SOURCE
Original cataloging agency DLC
Transcribing agency DLC
Modifying agency DLC
050 00 - LIBRARY OF CONGRESS CALL NUMBER
Classification number Q175
Item number .P863 1992
082 00 - DEWEY DECIMAL CLASSIFICATION NUMBER
Classification number 501
Edition number 20
300 ## - PHYSICAL DESCRIPTION
Other physical details ill. ;
Dimensions 24 cm.
100 1# - MAIN ENTRY--PERSONAL NAME
Personal name Popper, Karl R.
Fuller form of name (Karl Raimund),
Dates associated with a name 1902-1994.
240 10 - UNIFORM TITLE
Uniform title <a href="Logik der Forschung.">Logik der Forschung.</a>
Language of a work English
245 14 - TITLE STATEMENT
Title The logic of scientific discovery /
Statement of responsibility, etc by Karl R. Popper.
260 ## - PUBLICATION, DISTRIBUTION, ETC. (IMPRINT)
Place of publication, distribution, etc London ;
-- New York :
Name of publisher, distributor, etc Routledge,
Date of publication, distribution, etc 1992.
300 ## - PHYSICAL DESCRIPTION
Extent 479 p. :
500 ## - GENERAL NOTE
General note Originally published: New York : Basic Books, 1959.
504 ## - BIBLIOGRAPHY, ETC. NOTE
Bibliography, etc Includes bibliographical references and indexes.
650 #0 - SUBJECT ADDED ENTRY--TOPICAL TERM
Topical term or geographic name as entry element Science
General subdivision Methodology.
906 ## - LOCAL DATA ELEMENT F, LDF (RLIN)
a 7
b cbc
c orignew
d 2
e ncip
f 19
g y-gencatlg
942 ## - ADDED ENTRY ELEMENTS (KOHA)
Source of classification or shelving scheme Library of Congress Classification
Koha item type Monograph ( Printed materials)
Holdings
Withdrawn status Lost status Source of classification or shelving scheme Damaged status Not for loan Collection code Home library Current library Shelving location Date acquired Total Checkouts Full call number Barcode Date last seen Price effective from Koha item type
    Library of Congress Classification     Main Collection ARRUPE LIBRARY ARRUPE LIBRARY Main Collection 10/05/2022   Q175 .P863 1992 46600008460 10/05/2022 10/05/2022 Monograph ( Printed materials)

 

Arrupe Library. PO Box MP320 Mt Pleasant, Harare, Zimbabwe
263 242 745411|librarian@aju.ac.zw